| 000 | 00604nam a2200217Ia 4500 | ||
|---|---|---|---|
| 003 | OSt | ||
| 005 | 20220926045446.0 | ||
| 006 | a|||||r|||| 00| 0 | ||
| 007 | ta | ||
| 008 | 220923b |||||||| |||| 00| 0 eng d | ||
| 037 | _cGeneral Book | ||
| 040 |
_aRTL _cRTL _beng |
||
| 041 |
_2eng _aeng |
||
| 082 | _aX:59.5.N9, N1/UN | ||
| 110 | _aGeneral Agreement on Tariffs and trade | ||
| 245 | 0 |
_aTrade policy review _b European communities |
|
| 260 | _c1991 | ||
| 700 | _aGeneral Agreement on Tariffs and trade | ||
| 942 |
_hX:59.5.N9, N1/UN _cGB _2CC |
||
| 999 |
_c677690 _d677690 |
||